Statistiques concernant One Piece - Quiz Personnages #2

Cliquez ici pour prendre le quiz!

Statistiques générales

  • Ce quiz a été pris 147 fois
  • Le résultat moyen est 12 sur 16

Statistiques - réponses

Réponse% Correct
Luffy
98%
Akainu
97%
Mihawk
97%
King
95%
Kaku
90%
Laboon
90%
Carrot
89%
Dadan
83%
Brulée
80%
Vergo
78%
Tama
72%
Kyros
69%
Ashura
61%
Hiyori
49%
Genzo
45%
Conis
41%

Distribution des résultats

Percentile par nombre de réponses

% des personnes avec chaque résultat

Votre développement - résultats

Vous n’avez pas pris ce quiz